000 00814nas a2200277 4500
001 BR9504746
003 BR-BrBNA
005 20231205094137.0
007 ta
008 230509b bl.|||p| |||| 00| 00por d
040 _aBR-BrBNA
_bpor
_cBiblioteca Nacional de Agricultura
041 _a(Pt)
072 _aQ04
100 1 _aWang, S.
100 1 _aZoia, W.F.
245 1 _aPropriedades funcionais de misturas de fuba mimoso e farinha de soja desengordurada
650 _aFuba
650 _aFarinha
650 _aSoja
650 _aValor Nutritivo
650 _aViscosidade
650 _aIndustria Alimenticia
773 0 _tPesquisa Agropecuaria Brasileira (Brazil)
_xISSN 0100-204X
_g(Dec 1994), v. 29(12) p. 1979-1985
_wBR9504746
909 _a202311
_bLúcia
_c55
_dLúcia Elande
942 _2AGRIS
_n0
_cANA
999 _c142332
_d142332